000 00257cam a22000857a 4500
008 180718b1962 xxu||||| |||| 00| 0 eng d
082 _aL278x42 CF/1960-61
245 _aCinematograph fund account 1960-61
260 _aLondon
_bHer Majesty's Stationery Office
_c1962
999 _c500342
_d500342